LIBRARY & INFORMATION CENTRE, KCAET, TAVANUR

ONLINE PUBLIC ACCESS CATALOGUE (OPAC)

Mechanical Engineering Handbook (Text Book for Engineering Students) (Record no. 19311)

MARC details
000 -LEADER
fixed length control field 00453nam a22001697a 4500
003 - CONTROL NUMBER IDENTIFIER
control field OSt
008 - FIXED-LENGTH DATA ELEMENTS--GENERAL INFORMATION
fixed length control field 250205b |||||||| |||| 00| 0 eng d
041 ## - LANGUAGE CODE
Language code of text/sound track or separate title eng
082 ## - DEWEY DECIMAL CLASSIFICATION NUMBER
Classification number 621.8
Item number BAN/ME
100 ## - MAIN ENTRY--AUTHOR NAME
Personal name Banga, TR
245 ## - TITLE STATEMENT
Title Mechanical Engineering Handbook (Text Book for Engineering Students)
250 ## - EDITION STATEMENT
Edition statement 2nd
260 ## - PUBLICATION, DISTRIBUTION, ETC. (IMPRINT)
Place of publication Delhi:
Name of publisher Khanna Publishers,
Year of publication 1991.
300 ## - PHYSICAL DESCRIPTION
Number of Pages 803p.
700 ## - ADDED ENTRY--PERSONAL NAME
Personal name Manghnani, T and Sharma, SC
942 ## - ADDED ENTRY ELEMENTS (KOHA)
Koha item type Books
Holdings
Withdrawn status Lost status Damaged status Home library Current library Shelving location Date acquired Cost, normal purchase price Full call number Accession Number Koha item type
      KAUAET KAUAET Scheme 05/02/2025 70.00 621.8 BAN/ME 18148 Books
free website counter